000 00409nam a22001577a 4500
003 CEME
005 20210628205506.0
008 210305b xxu||||| |||| 00| 0 eng d
040 _c.
082 _a620.193 CAR'F
100 _aFinlayson, Fier M
_975780
245 _aCarbon reinforced epoxy systems materials technology series
260 _aLANCASTER
_bTECHNOMIC
_c1989
300 _a442P
942 _cBK
_2ddc
999 _c581180
_d581180